Cuando el teléfono es silencio. (Record no. 50510)

MARC details
000 -LEADER
campo de control de longitud fija 01533nam a2200361 i 4500
001 - NÚMERO DE CONTROL
campo de control 50510
003 - IDENTIFICADOR DE NÚMERO DE CONTROL
campo de control ES-MaACL
005 - FECHA Y HORA DE LA ÚLTIMA TRANSACCIÓN
campo de control 20230906162208.0
007 - CAMPO FIJO DE DESCRIPCIÓN FÍSICA--INFORMACIÓN GENERAL
campo de control de longitud fija t|
008 - DATOS DE LONGITUD FIJA--INFORMACIÓN GENERAL
campo de control de longitud fija 030805s1958 sp ||||1| spa d
245 00 - MENCIÓN DEL TÍTULO
Título Cuando el teléfono es silencio.
260 ## - PUBLICACIÓN, DISTRIBUCIÓN, ETC.
Lugar de publicación, distribución, etc. [Barcelona] :
Nombre del editor, distribuidor, etc. Lye,
Fecha de publicación, distribución, etc. [1958] (
Fabricante R. Plana)
300 ## - DESCRIPCIÓN FÍSICA
Extensión 207 p. ;
Dimensiones 20 cm.
500 ## - NOTA GENERAL
Nota general Selección de novelas galardonadas en el I Certamen Literario de "La hora XXV"
505 8# - NOTA DE CONTENIDO CON FORMATO
Nota de contenido con formato Contiene: El ala de la infelicidad / José María Osuna Jiménez. Mi primera víctima / Luis Luengo Serrano. Lucía Cappostrano / Luis Urtubey Rebollo. Duelo en el monte / Manuel Palacio Mínguez. Para que recuerde / José Tardón Molina. El miedo / J. Guillermo Barba Camisero. Una dulce canción / Genaro Compán Labán. Erase una vez una pelota / José Goyanes Echegoyen
700 1# - ENTRADA AGREGADA--NOMBRE PERSONAL
Nombre de persona Osuna Jiménez, José María.
9 (RLIN) 87842
700 1# - ENTRADA AGREGADA--NOMBRE PERSONAL
Nombre de persona Luengo Serrano, Luis.
9 (RLIN) 74637
700 1# - ENTRADA AGREGADA--NOMBRE PERSONAL
Nombre de persona Urtubey, Luis.
9 (RLIN) 112267
700 1# - ENTRADA AGREGADA--NOMBRE PERSONAL
Nombre de persona Palacio Mínguez, Manuel.
9 (RLIN) 88379
700 1# - ENTRADA AGREGADA--NOMBRE PERSONAL
Nombre de persona Tardón Molina, José.
9 (RLIN) 109281
700 1# - ENTRADA AGREGADA--NOMBRE PERSONAL
Nombre de persona Barba Camisero, J. Guillermo.
9 (RLIN) 25363
700 1# - ENTRADA AGREGADA--NOMBRE PERSONAL
Nombre de persona Compán Labán, Genaro.
9 (RLIN) 40031
700 1# - ENTRADA AGREGADA--NOMBRE PERSONAL
Nombre de persona Goyanes Echegoyen, José.
9 (RLIN) 59403
740 3# - ENTRADA AGREGADA--TÍTULO RELACIONADO/ANALÍTICO NO CONTROLADO
Título relacionado o analítico no controlado El ala de la infelicidad.
740 0# - ENTRADA AGREGADA--TÍTULO RELACIONADO/ANALÍTICO NO CONTROLADO
Título relacionado o analítico no controlado Mi primera víctima.
740 0# - ENTRADA AGREGADA--TÍTULO RELACIONADO/ANALÍTICO NO CONTROLADO
Título relacionado o analítico no controlado Lucía Cappostrano.
740 0# - ENTRADA AGREGADA--TÍTULO RELACIONADO/ANALÍTICO NO CONTROLADO
Título relacionado o analítico no controlado Duelo en el monte.
740 0# - ENTRADA AGREGADA--TÍTULO RELACIONADO/ANALÍTICO NO CONTROLADO
Título relacionado o analítico no controlado Para que recuerde.
740 3# - ENTRADA AGREGADA--TÍTULO RELACIONADO/ANALÍTICO NO CONTROLADO
Título relacionado o analítico no controlado El miedo.
740 4# - ENTRADA AGREGADA--TÍTULO RELACIONADO/ANALÍTICO NO CONTROLADO
Título relacionado o analítico no controlado Una dulce canción.
740 0# - ENTRADA AGREGADA--TÍTULO RELACIONADO/ANALÍTICO NO CONTROLADO
Título relacionado o analítico no controlado Erase una vez una pelota.
852 ## - LOCALIZACIÓN
Ubicación ES-MaACL
Número de control de estantería C-15990
Sublocalización o colección R.43663
Holdings
Estatus retirado Estado de pérdida Estado de daño No para préstamo Biblioteca de origen Biblioteca actual Ubicación en estantería Fecha de adquisición Fuente de adquisición Total de préstamos Signatura topográfica completa Código de barras Visto por última vez Precio de reemplazo Tipo de ítem Koha
        Biblioteca del Ateneo de Madrid Biblioteca del Ateneo de Madrid Ficheros 17/01/2008     C-15990 1053132 23/02/2023 23/02/2023 Libro impreso